000 00484nam a2200181Ia 4500
001 17040
005 20260306170355.0
008 260306t2018||||xx |||||||||||||| ||und||
041 _aESP
082 _a657.42
_bV19
100 _aValdiviezo Rosado, José
_eAUT
245 0 _aTratamiento contable y tributario de las mermas y desmedros, sobrantes y faltantes
260 _c2018
300 _a46 páginas :
_c24 cm.
650 _aGEN
654 _aCCO
942 _cLIB
_dJUS
_fJUS
_2ddc
_n
999 _c17040
_d17040